Propuesta de rediseño del sistema de iluminación en edificio Marlon Zelaya del Recinto Universitario Pedro Arauz Palacios, implementando tecnología led

El presente trabajo es una Propuesta de rediseño del sistema de iluminación en edificio Marlon Zelaya del Recinto Universitario Pedro Arauz Palacios, implementando tecnología led, que comenzará comprobando el nivel de iluminación existente, seguido de un método de cálculo de iluminación apli...

Full description

Bibliographic Details
Main Authors: López Sandino, Claudia Daniela, Lumbi Hodgson, Karen Zuleyma
Other Authors: Tutor: Zuniga Guillen, Jhader Exequiel
Format: Tesis Section = Libro
Language:Undetermined
Spanish
Published: Managua UNI 2022
Subjects:
LEADER 01368nam a2200277Ia 4500
008 240830s9999 xx 000 0 und d
040 |a BIBLIOTECA-RUSB/ Mon 621.32 L864 
041 |a spa 
082 |a Mon 621.32 L864 
100 1 |a López Sandino, Claudia Daniela 
100 1 |b Lumbi Hodgson, Karen Zuleyma 
245 1 0 |a Propuesta de rediseño del sistema de iluminación en edificio Marlon Zelaya del Recinto Universitario Pedro Arauz Palacios, implementando tecnología led 
260 |a Managua  |b UNI  |c 2022 
300 |a 76 p. :il. 
500 |a Contiene: anexos y CD. 
502 |a Tesis (Ingeniero Eléctrico) - UNI, 2022. 
520 3 |a El presente trabajo es una Propuesta de rediseño del sistema de iluminación en edificio Marlon Zelaya del Recinto Universitario Pedro Arauz Palacios, implementando tecnología led, que comenzará comprobando el nivel de iluminación existente, seguido de un método de cálculo de iluminación aplicable a interiores con la finalidad de asegurar una visión confortable, adecuada y segura, según las normas existentes. 
650 7 |a DISEÑO DE ALUMBRADO 
650 7 |b  EFICIENCIA ENERGETICA 
650 7 |c  AHORRO ENERGETICO 
650 7 |d  CALCULO DE ILUMINACIÓN 
650 7 |e  TECNOLOGIA LED. 
700 1 |a Tutor:  |b Zuniga Guillen, Jhader Exequiel 
942 |c BK  |2 ddc 
991 |a TESIS 
999 |c 27472